000
00254nam a2200109Ia 4500
008
200302s9999 xx 000 0 und d
100
_a
Jo Finnis
245
_a
Paint Effects
260
_b
Tiger Books International Inc.
260
_c
1993
300
_a
60 P.,
999
_c
1441
_d
1441